Electric machinery fundamentals (Record no. 1961)

000 -LEADER
fixed length control field 00655nam a22002174a 4500
001 - CONTROL NUMBER
control field 1961
003 - CONTROL NUMBER IDENTIFIER
control field BD-DhUET
008 - FIXED-LENGTH DATA ELEMENTS--GENERAL INFORMATION
fixed length control field 030923s2005 nyua b 001 0 eng
020 ## - INTERNATIONAL STANDARD BOOK NUMBER
International Standard Book Number 9780071151559
040 ## - CATALOGING SOURCE
Original cataloging agency DLC
Transcribing agency DLC
Modifying agency BD-DhUET
082 00 - DEWEY DECIMAL CLASSIFICATION NUMBER
Classification number 623
Item number CHA/2005
100 1# - MAIN ENTRY--PERSONAL NAME
Personal name Chapman, Stephen J.
245 10 - TITLE STATEMENT
Title Electric machinery fundamentals
Statement of responsibility, etc. by Stephen J. Chapman
250 ## - EDITION STATEMENT
Edition statement 4th ed.
260 ## - PUBLICATION, DISTRIBUTION, ETC. (IMPRINT)
Place of publication, distribution, etc. Boston
Name of publisher, distributor, etc. McGraw-Hill
Date of publication, distribution, etc. 2005
300 ## - PHYSICAL DESCRIPTION
Extent xxii,746p.
Other physical details ill.
Dimensions 24 cm.
650 #0 - SUBJECT ADDED ENTRY--TOPICAL TERM
Topical term or geographic name as entry element Electric engineering
942 ## - ADDED ENTRY ELEMENTS (KOHA)
Koha item type General Book
856 41 - ELECTRONIC LOCATION AND ACCESS
Uniform Resource Identifier http://www.loc.gov/catdir/toc/mh041/2003065174.html
856 42 - ELECTRONIC LOCATION AND ACCESS
Uniform Resource Identifier http://www.loc.gov/catdir/description/mh041/2003065174.html
Holdings
Koha date last seen Price effective from Koha full call number Koha issues (times borrowed) Koha out on loan Withdrawn status Source of classification or shelving scheme Location (home branch) Not for loan Piece designation (barcode) Shelving location Copy number Koha date last borrowed Koha renewals Sublocation or collection (holding branch) Koha normalized classification for sorting Damaged status Date acquired Lost status Koha item type
2025-12-012014-09-15623/CHA/2005222025-12-15  Central Library, BUET 103332Circulation section12025-12-012Central Library, BUET623CHA2005 2014-09-15 General Book
2025-11-082014-11-19623/CHA/200518   Central Library, BUET 103338Circulation section22025-07-16 Central Library, BUET623CHA2005 2014-11-19 General Book
2026-01-202014-12-09623/CHA/200523   Central Library, BUET 103341Circulation section32025-12-062Central Library, BUET623CHA2005 2014-12-09 General Book